<?xml version='1.0' encoding='UTF-8'?>
  <record xmlns="http://www.loc.gov/MARC21/slim">
    <leader>00000cam a2200000 i 4500</leader>
    <controlfield tag="001">ocn815624820</controlfield>
    <controlfield tag="003">OCoLC</controlfield>
    <controlfield tag="005">20250727041947.7</controlfield>
    <controlfield tag="008">121101s1920    xx            000 0 eng d</controlfield>
    <datafield tag="040" ind1=" " ind2=" ">
      <subfield code="a">ATSMN</subfield>
      <subfield code="b">eng</subfield>
      <subfield code="c">ATSMN</subfield>
      <subfield code="d">OCLCO</subfield>
      <subfield code="d">OCLCF</subfield>
      <subfield code="d">OCLCQ</subfield>
      <subfield code="d">OCL</subfield>
      <subfield code="d">QGJ</subfield>
      <subfield code="d">IEUOL</subfield>
      <subfield code="d">OCLCO</subfield>
      <subfield code="d">OCLCL</subfield>
      <subfield code="d">OCLCQ</subfield>
      <subfield code="d">OCLCL</subfield>
    </datafield>
    <datafield tag="029" ind1="1" ind2=" ">
      <subfield code="a">AU@</subfield>
      <subfield code="b">000051970536</subfield>
    </datafield>
    <datafield tag="035" ind1=" " ind2=" ">
      <subfield code="a">(OCoLC)815624820</subfield>
    </datafield>
    <datafield tag="082" ind1="0" ind2="4">
      <subfield code="a">891.6234</subfield>
      <subfield code="1">https://id.oclc.org/worldcat/ddc/E47vpRQVTwDCRCVybTv7VQgHxj</subfield>
    </datafield>
    <datafield tag="100" ind1="1" ind2=" ">
      <subfield code="a">Ó Conaire, Pádraic,</subfield>
      <subfield code="d">1883-1928.</subfield>
      <subfield code="1">https://id.oclc.org/worldcat/entity/E39PBJvHbT7t4wgKQtKwdcxMT3</subfield>
    </datafield>
    <datafield tag="240" ind1="1" ind2="0">
      <subfield code="a">Works.</subfield>
      <subfield code="k">Selections.</subfield>
      <subfield code="l">Irish</subfield>
    </datafield>
    <datafield tag="245" ind1="1" ind2="3">
      <subfield code="a">An crann géagach :</subfield>
      <subfield code="b">i. aistí agus mion-sgéalta /</subfield>
      <subfield code="c">ó láimh Padraic Uí Conaire.</subfield>
    </datafield>
    <datafield tag="260" ind1=" " ind2=" ">
      <subfield code="a">Baile Átha Cliath :</subfield>
      <subfield code="b">Mairtin Lester,</subfield>
      <subfield code="c">1920.</subfield>
    </datafield>
    <datafield tag="300" ind1=" " ind2=" ">
      <subfield code="a">93 pages ;</subfield>
      <subfield code="c">19 cm</subfield>
    </datafield>
    <datafield tag="336" ind1=" " ind2=" ">
      <subfield code="a">text</subfield>
      <subfield code="b">txt</subfield>
      <subfield code="2">rdacontent</subfield>
    </datafield>
    <datafield tag="337" ind1=" " ind2=" ">
      <subfield code="a">unmediated</subfield>
      <subfield code="b">n</subfield>
      <subfield code="2">rdamedia</subfield>
    </datafield>
    <datafield tag="338" ind1=" " ind2=" ">
      <subfield code="a">volume</subfield>
      <subfield code="b">nc</subfield>
      <subfield code="2">rdacarrier</subfield>
    </datafield>
    <datafield tag="500" ind1=" " ind2=" ">
      <subfield code="a">Essays and short stories.</subfield>
    </datafield>
    <datafield tag="500" ind1=" " ind2=" ">
      <subfield code="a">Title transliterated from Irish script.</subfield>
    </datafield>
    <datafield tag="505" ind1="0" ind2=" ">
      <subfield code="a">Cuireaḋ.--M'asal beag duḃ.--Croiḋe-ḃruġaḋ na Cruinne.--Sa gCoill.--An Dúiseaċt.--An ḃean ḃí ag an ḃfuinneóg.--Fleaḋ aoiḃinn.--Beirt faoi ċrann.--An Sean-ċoiléar.--Cnoc mo Ċroiḋe.--Crann na Croiċe.--An Breac atá san Aḃainn Ṁóir.--Slán agaiḃ, a Ċáirde.</subfield>
    </datafield>
    <datafield tag="650" ind1=" " ind2="0">
      <subfield code="a">Irish fiction</subfield>
      <subfield code="y">20th century.</subfield>
    </datafield>
    <datafield tag="650" ind1=" " ind2="6">
      <subfield code="a">Roman irlandais</subfield>
      <subfield code="y">20e siècle.</subfield>
    </datafield>
    <datafield tag="650" ind1=" " ind2="7">
      <subfield code="a">Irish fiction.</subfield>
      <subfield code="2">fast</subfield>
      <subfield code="0">(OCoLC)fst00978981</subfield>
    </datafield>
    <datafield tag="648" ind1=" " ind2="7">
      <subfield code="a">1900-1999</subfield>
      <subfield code="2">fast</subfield>
    </datafield>
    <datafield tag="653" ind1=" " ind2=" ">
      <subfield code="a">Short Stories.</subfield>
    </datafield>
    <datafield tag="655" ind1=" " ind2="7">
      <subfield code="a">Autographs (Provenance)</subfield>
      <subfield code="z">Ireland</subfield>
      <subfield code="z">Cork (County)</subfield>
      <subfield code="y">20th century.</subfield>
      <subfield code="2">rbprov</subfield>
    </datafield>
    <datafield tag="655" ind1=" " ind2="7">
      <subfield code="a">Bookplates (Provenance)</subfield>
      <subfield code="z">Ireland</subfield>
      <subfield code="z">Limerick</subfield>
      <subfield code="y">21st century.</subfield>
      <subfield code="2">rbprov</subfield>
    </datafield>
    <datafield tag="758" ind1=" " ind2=" ">
      <subfield code="i">has work:</subfield>
      <subfield code="a">An crann géagach (Text)</subfield>
      <subfield code="1">https://id.oclc.org/worldcat/entity/E39PCGdDxbDJGCdTk7PhyKVHmd</subfield>
      <subfield code="4">https://id.oclc.org/worldcat/ontology/hasWork</subfield>
    </datafield>
    <datafield tag="936" ind1=" " ind2=" ">
      <subfield code="a">BATCHLOAD</subfield>
    </datafield>
  </record>